Multimode detection of hydrogen gas using palladium-covered silicon micro-channels /
Enregistré dans:
| Autres auteurs: | , , , , , |
|---|---|
| Format: | Article |
| Langue: | English |
| Sujets: | |
| Tags: |
Ajouter un tag
Pas de tags, Soyez le premier à ajouter un tag!
|
| Thư viện lưu trữ: | Thư viện Trường Đại học Đà Lạt |
|---|
| LEADER | 01101nam a2200397 4500 | ||
|---|---|---|---|
| 001 | DLU090097344 | ||
| 005 | ##20091201 | ||
| 040 | # | # | |a DLU |b eng |
| 041 | # | # | |a eng |
| 044 | # | # | |a us |
| 245 | # | # | |a Multimode detection of hydrogen gas using palladium-covered silicon micro-channels / |c G. Kaltenpoth ... [et al.]. |
| 653 | # | # | |a Chemical sensor |
| 653 | # | # | |a Electrodeposition |
| 653 | # | # | |a Gas detector |
| 653 | # | # | |a Hydrogen |
| 653 | # | # | |a Nucleation |
| 653 | # | # | |a Palladium |
| 653 | # | # | |a Particle size |
| 653 | # | # | |a Resistor |
| 653 | # | # | |a Silicon |
| 700 | # | # | |a Grunze, M. |
| 700 | # | # | |a Kaltenpoth, G. |
| 700 | # | # | |a Menke, E. |
| 700 | # | # | |a Penner, R. M. |
| 700 | # | # | |a Schnabel, P. |
| 700 | # | # | |a Walter, E. C. |
| 773 | # | # | |t Analytical Chemistry |g Vol. 75, no. 18 (September 2003), p. 4756-4765 |
| 920 | # | # | |a Phòng Tạp chí -- Trung tâm Thông tin - Thư viện Trường Đại học Đà Lạt |
| 994 | # | # | |a DLU |
| 900 | # | # | |a True |
| 911 | # | # | |a Trương Bảo Trâm Anh |
| 925 | # | # | |a G |
| 926 | # | # | |a A |
| 927 | # | # | |a BB |
| 980 | # | # | |a Thư viện Trường Đại học Đà Lạt |